A collision of cultures / (Record no. 6775)
[ view plain ]
| 000 -LEADER | |
|---|---|
| fixed length control field | 01669cam a2200445 a 4500 |
| 001 - CONTROL NUMBER | |
| control field | 11544818 |
| 003 - CONTROL NUMBER IDENTIFIER | |
| control field | OCoLC |
| 005 - DATE AND TIME OF LATEST TRANSACTION | |
| control field | 20190119170914.0 |
| 008 - FIXED-LENGTH DATA ELEMENTS--GENERAL INFORMATION | |
| fixed length control field | 840727t19841984maua b 001 0 eng |
| 010 ## - LIBRARY OF CONGRESS CONTROL NUMBER | |
| LC control number | 84072041 |
| 020 ## - INTERNATIONAL STANDARD BOOK NUMBER | |
| International Standard Book Number | 0939526123 |
| 020 ## - INTERNATIONAL STANDARD BOOK NUMBER | |
| International Standard Book Number | 9780939526123 |
| 040 ## - CATALOGING SOURCE | |
| Original cataloging agency | DLC |
| Transcribing agency | DLC |
| Modifying agency | BAKER |
| -- | BTCTA |
| -- | YDXCP |
| -- | OCLCG |
| -- | BUF |
| -- | ZWZ |
| -- | CKL |
| -- | GEBAY |
| -- | UtOrBLW |
| 043 ## - GEOGRAPHIC AREA CODE | |
| Geographic area code | n-us--- |
| -- | a-vt--- |
| 050 00 - LIBRARY OF CONGRESS CALL NUMBER | |
| Classification number | E183.8.V5 |
| Item number | D69 1984 |
| 050 14 - LIBRARY OF CONGRESS CALL NUMBER | |
| Classification number | DS557.7 |
| Item number | .D69 1984 |
| 082 00 - DEWEY DECIMAL CLASSIFICATION NUMBER | |
| Classification number | 959.7 |
| Edition number | 19 |
| Item number | M283V |
| 100 1# - MAIN ENTRY--PERSONAL NAME | |
| Personal name | Doyle, Edward, |
| Dates associated with a name | 1949- |
| 245 12 - TITLE STATEMENT | |
| Title | A collision of cultures / |
| Statement of responsibility, etc. | by Edward Doyle, Stephen Weiss, and the editors of Boston Publishing Company |
| 264 #1 - PRODUCTION, PUBLICATION, DISTRIBUTION, MANUFACTURE, AND COPYRIGHT NOTICE | |
| Place of production, publication, distribution, manufacture | Boston, MA : |
| Name of producer, publisher, distributor, manufacturer | Boston Pub. Co., |
| Date of production, publication, distribution, manufacture, or copyright notice | [1984] |
| 264 #4 - PRODUCTION, PUBLICATION, DISTRIBUTION, MANUFACTURE, AND COPYRIGHT NOTICE | |
| Date of production, publication, distribution, manufacture, or copyright notice | ©1984 |
| 300 ## - PHYSICAL DESCRIPTION | |
| Extent | 192 pages : |
| Other physical details | illustrations (some color) ; |
| Dimensions | 29 cm |
| 336 ## - CONTENT TYPE | |
| Content type term | text |
| Content type code | txt |
| Source | rdacontent |
| 337 ## - MEDIA TYPE | |
| Media type term | unmediated |
| Media type code | n |
| Source | rdamedia |
| 338 ## - CARRIER TYPE | |
| Carrier type term | volume |
| Carrier type code | nc |
| Source | rdacarrier |
| 490 1# - SERIES STATEMENT | |
| Series statement | The Vietnam experience |
| 500 ## - GENERAL NOTE | |
| General note | Includes index |
| 504 ## - BIBLIOGRAPHY, ETC. NOTE | |
| Bibliography, etc. note | Bibliography: pages 186-[188] |
| 520 ## - SUMMARY, ETC. | |
| Summary, etc. | "The Americans in Vietnam, 1954-1973"--Jacket subtitle |
| 650 #0 - SUBJECT ADDED ENTRY--TOPICAL TERM | |
| Topical term or geographic name entry element | Americans |
| Geographic subdivision | Vietnam |
| 650 #0 - SUBJECT ADDED ENTRY--TOPICAL TERM | |
| Topical term or geographic name entry element | Vietnam War, 1961-1975 |
| Geographic subdivision | United States |
| 651 #0 - SUBJECT ADDED ENTRY--GEOGRAPHIC NAME | |
| Geographic name | United States |
| General subdivision | Relations |
| Geographic subdivision | Vietnam |
| 651 #0 - SUBJECT ADDED ENTRY--GEOGRAPHIC NAME | |
| Geographic name | Vietnam |
| General subdivision | Relations |
| Geographic subdivision | United States |
| 700 1# - ADDED ENTRY--PERSONAL NAME | |
| Personal name | Weiss, Stephen |
| 710 2# - ADDED ENTRY--CORPORATE NAME | |
| Corporate name or jurisdiction name as entry element | Boston Publishing Company |
| 776 08 - ADDITIONAL PHYSICAL FORM ENTRY | |
| Relationship information | Online version: |
| Main entry heading | Doyle, Edward, 1949- |
| Title | Collision of cultures. |
| Place, publisher, and date of publication | Boston, MA : Boston Pub. Co., c1984 |
| Record control number | (OCoLC)566232990 |
| 776 08 - ADDITIONAL PHYSICAL FORM ENTRY | |
| Relationship information | Online version: |
| Main entry heading | Doyle, Edward, 1949- |
| Title | Collision of cultures. |
| Place, publisher, and date of publication | Boston, MA : Boston Pub. Co., c1984 |
| Record control number | (OCoLC)593629416 |
| 830 #0 - SERIES ADDED ENTRY--UNIFORM TITLE | |
| Uniform title | Vietnam experience |
| 942 ## - ADDED ENTRY ELEMENTS (KOHA) | |
| Source of classification or shelving scheme | Dewey Decimal Classification |
| Koha item type | Books |
No items available.
